=LDR 00000nam 2200000 4500 =001 INLIS000000000045753 =005 20150209140523.0 =006 =007 =008 =020 ##$$a 978-979-728-976-2 =035 ##$$0010-021500000000313 =040 ##$$a NBPDMAT =082 ##$$a 372.35 =090 ##$$a 372.35 $b Faw a =100 ##$$a Fawziyyah =245 ##$$a Aktivitas utama Ilmu Pengetahuan Alam ( IPA ) untuk SD dan MI kelas 1 semester 1 / $c Fawziyyah ; Penyunting,Ninung Rahayu =250 ##$$a Cet.1 =260 ##$$a Jakarta : $b Pustaka Widya Utama, $c 2010 =300 ##$$a72 hlm. : $b ilus. ; $c 29 cm. =650 ##$$a Sains SD - Soal, dsb. =850 ##$$a NBPDMAT